[Event "Dortmund op-A"]
[Site "Dortmund"]
[Date "1992.??.??"]
[Round "2"]
[White "Kramnik, Vladimir"]
[Black "Levin, Felix"]
[Result "1-0"]
[WhiteElo "2590"]
[BlackElo "2445"]
[Annotator "Anand,V"]
[PlyCount "63"]
[EventDate "1992.04.??"]
[EventType "swiss"]
[EventRounds "11"]
[EventCountry "GER"]
[SourceTitle "CBM 029"]
[Source "ChessBase"]
[SourceDate "1992.08.01"]
[SourceVersion "1"]
[SourceVersionDate "1992.08.01"]
[SourceQuality "1"]

1. b3 {Horn,Pe} d5 2. Bb2 Nf6 (2... Bg4 $5 3. c4 c6) 3. e3 g6 4. c4 dxc4 5.
Bxc4 Bg7 6. Nf3 c5 7. a3 O-O (7... Nc6 8. Ne5 (8. b4 {Horn,Pe} cxb4 9. axb4
Nxb4 $2 10. Qb3) 8... Nxe5 9. Bxe5 O-O) 8. b4 $14 Nbd7 9. O-O b6 10. bxc5 bxc5
$6 (10... Nxc5 $1 11. a4 (11. d4 {Horn,Pe} Nce4)) 11. Be2 $1 Qb6 12. Bc3 Ba6
13. a4 $1 {/\ Na3-c4,a5 ><b6} Bxe2 14. Qxe2 Qe6 (14... Nd5 {Horn,Pe} 15. Bxg7
Kxg7 16. Qd3 N7f6 17. Na3 $14) 15. Na3 Nb6 16. Qa6 Qd7 17. Qb5 (17. a5 {Horn,Pe
} Nbd5) 17... Nbd5 18. Be5 Qe6 19. Rfc1 (19. Qxc5 Nd7 $19) 19... Nd7 20. Bxg7
Kxg7 21. Qc4 Rfc8 22. Rab1 N7b6 23. Qh4 f6 24. a5 Nd7 25. Qc4 Rab8 26. h3 Nc7 (
26... Kf7 $16) 27. Qa4 Na6 (27... Rxb1 {Horn,Pe} 28. Rxb1 Rb8 $14) 28. Nb5 Qc6
(28... Ra8 {Horn,Pe}) 29. Qc4 Ra8 (29... Qa8 {Horn,Pe} 30. Qe6 $18) 30. Nfd4 $1
$18 Ne5 (30... Qe4 $4 {Horn,Pe} 31. Ne6+ $18) 31. Nxc6 Nxc4 32. Nbxa7 1-0

[Event "Lee Cup 3rd"]
[Site "Beijing"]
[Date "1996.??.??"]
[Round "5"]
[White "Ehlvest, Jaan"]
[Black "Atalik, Suat"]
[Result "1/2-1/2"]
[WhiteElo "2660"]
[BlackElo "2525"]
[Annotator "Atalik,S"]
[PlyCount "59"]
[EventDate "1996.08.??"]
[EventType "swiss"]
[EventRounds "11"]
[EventCountry "CHN"]
[SourceTitle "CBM 054 Extra"]
[Source "ChessBase"]
[SourceDate "1996.11.01"]
[SourceVersion "1"]
[SourceVersionDate "1996.11.01"]
[SourceQuality "1"]

1. b3 e5 2. Bb2 d6 3. c4 Nc6 4. g3 g6 5. Bg2 Bg7 6. Nc3 Be6 7. d3 Qd7 8. Qd2
Nge7 9. Nd5 Rb8 $5 10. e3 O-O 11. h3 (11. h4 h5 (11... h6) 12. Nh3 f6 {with
the idea of 13...Bf7,14...Nd5}) (11. Ne2 Nf5 12. d4 exd4 13. exd4 Nce7 14. Ndf4
d5) 11... b5 $5 12. Ne2 a5 13. Nec3 b4 14. Na4 Rfe8 15. g4 $6 (15. O-O-O $142)
15... f5 $1 16. gxf5 Nxf5 {With the idea of 17...Nh4} 17. h4 Na7 $1 18. h5 c6
19. hxg6 hxg6 20. Ndb6 Qd8 21. c5 Nh4 22. O-O-O (22. f4 exf4 $1 23. Bxg7 fxe3
24. Qb2 Qg5 25. O-O-O e2+ 26. Rd2 Nxg2 27. Bf6 Qh5 28. Rxh5 e1=Q+ 29. Rd1 Qe3+
30. Kb1 gxh5 31. Qxg2+ Bg4 $19) 22... Nxg2 23. f4 Nh4 24. cxd6 Nb5 $2 (24...
Rxb6 25. Nxb6 Qxb6 26. Rxh4 Qc5+ 27. Kb1 Nb5 $19) 25. Nc4 Bd5 26. Bxe5 (26. Rh3
$1 Be6 $10) (26. e4 $6 Bxc4 27. dxc4 Nd4 28. Bxd4 Nf3 $1 $8 (28... exd4 29. e5
Nf5 30. c5 $18) 29. Qg2 Nxd4 30. Qxg6 (30. fxe5 Ne6 31. Qxg6 (31. d7 Re7 32.
Qxg6 Nf8) 31... Nf8 $19) 30... Re6 (30... Ne2+ 31. Kb1 exf4 $1 32. Qh7+ Kf8 33.
Rh5 (33. d7 Re5) 33... Ng3 $19) 31. Qh7+ Kf8 32. fxe5 (32. Nc5 Rxd6 33. fxe5
Qg5+) 32... Qg5+ 33. Kb1 Qxe5) 26... Bxh1 (26... Nf3 27. Qc2 $1 $8 Nxe5 28.
fxe5 Bxh1 29. Rxh1 Bxe5 30. d4 Bg7 31. Qxg6 Qf6 32. Qh7+ Kf7 (32... Kf8 33. Nd2
Rxe3 34. Rf1 Qxf1+ 35. Nxf1 Re1+ 36. Kd2 Rxf1 37. Nc5 $44) 33. Qh5+ Kf8 (33...
Qg6 34. Rf1+ Bf6 35. Ne5+ Rxe5 36. Rxf6+ Kxf6 37. Qxe5+ Kf7 38. Qe7+ Kg8 39. d7
Qd6 (39... Qg1+ $10) 40. Qe8+ Kh7 41. Nc5) 34. Ne5 (34. Nd2) 34... Rxe5 35.
dxe5 $44) 27. Rxh1 Bxe5 28. fxe5 Rb7 (28... Qg5 29. Qh2 (29. Nc5 $2 Nf3) 29...
Rf8 $1 30. Nc5 $44 (30. Qxh4 $140 Rf1+)) 29. Nc5 Rh7 30. d7 (30. d7 Rf8 (30...
Ree7 31. e6) 31. Ne6 Qxd7 32. Nxf8 Kxf8 33. Rxh4 Rxh4 34. Qf2+ Kg8 35. Qxh4
Qxd3 36. Qe7 $10) 1/2-1/2

[Event "Vojvodina op 8th"]
[Site "Novi Sad"]
[Date "2017.07.22"]
[Round "7"]
[White "Cabarkapa, Novak"]
[Black "Atalik, Suat"]
[Result "0-1"]
[WhiteElo "2426"]
[BlackElo "2525"]
[Annotator "Atalik,S"]
[PlyCount "89"]
[EventDate "2017.07.16"]
[EventType "swiss"]
[EventRounds "9"]
[EventCountry "SRB"]
[SourceTitle "CBM 180"]
[Source "ChessBase"]
[SourceDate "2017.09.13"]
[SourceVersion "1"]
[SourceVersionDate "2017.09.13"]
[SourceQuality "1"]

1. b3 d5 2. Bb2 Nf6 3. e3 g6 4. c4 ({To play it in the spirit of QID does not
provide more than equality:} 4. f4 Bg7 5. Nf3 O-O 6. Be2 c5 7. O-O Nc6 8. Ne5
Bd7 9. Bf3 Rc8 10. Nc3 e6 $11 {P. Blatny-S. Atalik, Hawaii 2000.}) (4. Bxf6
exf6 5. d4 c5 $1 6. dxc5 Bxc5 7. c3 {is the pawn structure from a little known
game K. Richter-Alekhine, Münich 1941. The presence of b3 compared to that
game is actually an advantage for Black.}) 4... Bg7 5. cxd5 O-O 6. Ne2 $146 (6.
Nf3 $142 Qxd5 (6... Nxd5 7. Bxg7 Kxg7) 7. Bc4 Qf5 $5 {brings forward the type
of play seen in hedgehog lines emerging from English/Reti Opening.}) (6. Bxf6
Bxf6 $1 (6... exf6 $5) 7. Nc3 c6 $1 8. dxc6 Nxc6 $44) 6... Nxd5 $1 7. Bxg7 Kxg7
8. Nbc3 Nb4 9. d4 c5 10. a3 (10. d5 e6) 10... cxd4 11. Nxd4 (11. Qxd4+ Qxd4 12.
Nxd4 N4c6 13. O-O-O Nxd4 14. Rxd4 Nc6 15. Rd1 (15. Rd2 Be6 16. Kb2 Rfd8 $36)
15... Be6 16. Kb2 Rac8 17. Be2 Na5 $36 {White has problems with the b3- and
c4-squares in this variation.}) 11... N4c6 12. Be2 Nxd4 13. exd4 Nd7 14. O-O
Nf6 15. Bf3 Qb6 16. Re1 Re8 $1 {Black should not allow any weaknesses in his
camp.} (16... e6 $6 17. Qe2 $1 (17. Na4 Qd6 18. Qe2 Qxd4 $2 19. Rad1 $16) 17...
Qxd4 $140 $2 18. Nb5 Qb6 19. Qe5 $16 {and the pin is annoying.}) (16... Be6 17.
d5 $1 Rad8 18. Ra2 $1) 17. Re5 Bd7 18. Na4 $6 (18. Rc1 $13) 18... Bxa4 19. bxa4
Rad8 20. Rb5 (20. Rb1 Rxd4 $1 (20... Qxd4 $6 21. Qxd4 Rxd4 22. Ra5)) 20... Rxd4
$1 $17 {Novak missed this capture in his calculations when he decided to
compromise his pawn structure.} (20... Qxd4 $2 21. Qxd4 Rxd4 22. Rxb7 a5 23.
Ra7 $11) 21. Rxb6 Rxd1+ 22. Rxd1 axb6 23. Bxb7 (23. Rb1 Ra8 24. Rb4 Ra7 $17)
23... Rb8 24. Ba6 Ra8 25. Bb5 Rc8 $1 26. f3 Rc3 27. Rd3 $2 {I believe that in
the ensuing minor piece ending White has no chance.} (27. Rd8 $142 $1 g5 $5 {
Black should attack on the kingside.} ({The danger for Black lies in the fact
that White may run to an infamous rook ending in spite of his pawn deficit.} 
27... Rxa3 28. Rb8 Nd5 29. Bc6 e6 30. Bxd5 exd5 31. Rxb6 Rxa4 32. Rd6 $15) 28.
Rb8 Nd5 $17) 27... Rxd3 28. Bxd3 Nd5 29. Bc4 ({He, whose king occupies the
centre first, prevails!} 29. Kf2 Kf6 30. Ke2 Ke5 $1 (30... Nc3+ $2 31. Ke3 Nxa4
32. Kd4 $44) (30... Nf4+ 31. Ke3 Nxg2+ 32. Kd4 $44) 31. Kd2 Kd4 $19) 29... e6
30. g3 Kf6 31. f4 Ke7 $1 32. Kf2 Kd6 33. Bb5 (33. Ke2 Nc3+ (33... Kc5 $2 34.
Kd3) 34. Kd3 Nxa4 35. Kd4 f6 $19) 33... Kc5 34. Be8 f6 35. h4 e5 36. h5 gxh5 $1
{Practical!} ({No need for} 36... g5 37. h6 $3 Ne7 $1 (37... exf4 $2 38. Bg6)
38. fxe5 fxe5 39. Kf3 Kd4 40. Kg4 e4 41. Kxg5 e3 42. Bb5 (42. Bh5 Ke5) 42...
Ke5 $19) 37. fxe5 fxe5 38. Bxh5 Kd4 $19 39. Be8 (39. g4 Nf6 $1) 39... e4 40.
Bb5 Nc3 41. Ba6 Nxa4 42. g4 h6 $1 {g4-g5 should not be allowed.} 43. Kg3 Nc3
44. Kf4 (44. Kh4 e3 45. Kg3 b5 $19) 44... e3 45. Kf3 {IM Cabarkapa resigned} (
45. Kf3 {before} b5 $1 (45... Nb1 $19)) 0-1

[Event "Valle d'Aosta op 11th"]
[Site "Saint Vincent"]
[Date "2003.02.16"]
[Round "9"]
[White "Chatalbashev, Boris"]
[Black "Atalik, Suat"]
[Result "0-1"]
[WhiteElo "2515"]
[BlackElo "2581"]
[Annotator "Atalik,S"]
[PlyCount "86"]
[EventDate "2003.02.08"]
[EventType "swiss"]
[EventRounds "9"]
[EventCountry "ITA"]
[SourceTitle "EXT 2004"]
[Source "ChessBase"]
[SourceDate "2003.11.25"]
[SourceVersion "1"]
[SourceVersionDate "2003.11.25"]
[SourceQuality "1"]

1. b3 $5 {The European Grandprix Champion goes for a rare opening.} e5 2. Bb2
Nc6 3. e3 Nf6 4. Bb5 Bd6 $5 {Alex and I had a chat about this with Alex before
his game with Blatny in Stratton Mountains, Vermont in year 2000.} 5. Na3 ({
Blatny's} 5. Be2 O-O 6. d3 {would not appeal to everyone.} Bb4+ $1 7. c3 Be7
$13) 5... Na5 6. Be2 a6 7. c4 O-O {The game looks like a fraction out of space
chess.} 8. Nf3 (8. g4 $5 b6 $13) 8... Re8 9. O-O Bf8 10. d3 Nc6 {Now black is
ready for 11...d5.} 11. e4 Bc5 $1 $15 {Black has an easier game.} 12. Nc2 d6
13. Ne3 b5 14. Nd5 bxc4 15. bxc4 Rb8 16. Bc3 Bg4 $1 {Of course I have
consummed something like 30 minutes before producing this.However Boris did
not want to believe in my calculations.} 17. Nxe5 $6 {Sometimes losing
material appeals to people more than losing a square.} Bxe2 18. Nxc6 (18. Nxf6+
$2 gxf6 $1 (18... Qxf6 19. Nxc6 Qxc3 20. Qxe2 Rb6 $6 (20... Rb2 21. Qd1 (21.
Qg4 Rxf2 $19) 21... Rd2 22. Qb3 Rxd3 $40) 21. Qg4 $1) 19. Nxc6 Bxd1 20. Nxd8
Be2 21. Nc6 Rb6 22. Rfe1 Bxd3 $17) 18... Bxd1 19. Nxd8 Nxd5 20. cxd5 (20. exd5
Be2 21. Nc6 Ra8 $17 {White has problems with his pawns.}) 20... Be2 21. Nc6
Bxf1 22. Kxf1 Rb5 $1 $15 {Black has the upper hand.Whites compensation for the
exchange is very vague.} 23. Rc1 {Draw offer} Ba3 24. Rc2 f5 {Black has to
play active to make use of extra material.} 25. f3 fxe4 26. dxe4 $2 {The pin
on the c line decides the game after this bad one.} (26. fxe4 $1 Rb1+ (26...
Rc5 27. d4 Rc4 28. Ke2 Bb2 29. Rxb2 Rxc3 30. Kd2 Ra3 31. e5 $44) 27. Ke2 Rf8
$40) 26... Rc5 $19 27. Kf2 (27. Ke2 Rxd5 $19 {is the main motif which makes
the position better for black.}) 27... Kf7 28. Kg3 a5 29. h4 Ra8 $1 {Black
does not fall into the positional trap.} (29... Bb4 $2 30. Bxb4 Rxc2 31. Bxa5
Rc8 32. a3 Ra2 33. Bb4 $13 {who knows who is better.}) 30. Nd4 a4 31. Nc6 Ra6
32. Nd8+ (32. Nb8 Raa5 $1 $19 {and black comes either from c or from b line.})
32... Kg8 33. Ne6 Rc4 {Now the hose is tightened.} 34. h5 Rb6 ({Again no need
for} 34... Bb4 $2 35. Bxb4 Rxc2 36. a3 Rc4 37. Bd2 c5) 35. h6 gxh6 36. Nd4 Bc5
37. Nf5 (37. Ne2 Bb4 38. Kf4 Bxc3 39. Rxc3 Rxc3 40. Nxc3 a3 41. g4 Rb2 42. Ke3
Kf7 $19) 37... Kf7 $1 {Black does not care about whites desperado attempts.}
38. Rc1 a3 39. Rh1 (39. Nxh6+ Ke8 40. Nf5 Rb2 $1 41. Bxb2 axb2 42. Rb1 Ba3 $19
{just queens.}) 39... Rxc3 {Playing rook down made GM Kortschnoj angery rather
than me.After the game he came and expressed his opinion gently to the young
Bulgarian.} 40. Rxh6 Kg8 41. Re6 Rb2 42. Re8+ Kf7 43. Re7+ Kf8 {Finally he
gave up!} 0-1

[Event "EU-chT (Men) 10th"]
[Site "Debrecen"]
[Date "1992.11.??"]
[Round "9.3"]
[White "Minasian, Artashes"]
[Black "Adams, Michael"]
[Result "0-1"]
[WhiteElo "2545"]
[BlackElo "2620"]
[Annotator "Bulletin"]
[PlyCount "60"]
[EventDate "1992.11.20"]
[EventType "team-swiss"]
[EventRounds "9"]
[EventCountry "HUN"]
[SourceTitle "EU-chT"]
[Source "ChessBase"]
[SourceDate "1999.07.01"]
[SourceVersion "2"]
[SourceVersionDate "1999.07.01"]
[SourceQuality "1"]
[WhiteTeam "Armenia"]
[BlackTeam "England"]
[WhiteTeamCountry "ARM"]
[BlackTeamCountry "ENG"]

1. b3 e5 2. Bb2 Nc6 3. e3 d6 4. Bb5 $6 Bd7 5. Ne2 {/\ f4} a6 6. Bxc6 Bxc6 7.
O-O Qg5 $1 (7... Nf6 8. f4 $14) 8. f3 $5 (8. Ng3 $6 h5 $40) 8... Nf6 9. c4 {
/\ e4, Nbc3-d5} d5 $1 10. Nbc3 $2 (10. f4 $1 exf4 11. Nxf4 dxc4 12. bxc4 Bd6
13. Bxf6 Qxf6 (13... gxf6 14. Qe2 O-O-O 15. d4 $13) 14. Nc3 $13) 10... O-O-O
11. a4 $2 (11. cxd5 Nxd5 12. Nxd5 Rxd5 13. Nc3 Rd7 $17) 11... dxc4 $1 $19 12.
bxc4 Bc5 13. Kh1 Bxe3 14. Bc1 Bxd2 15. Nb5 Kb8 (15... Bxc1 $6 16. Na7+ Kb8 17.
Nxc6+ bxc6 18. Qb3+ Ka8 19. Raxc1 $17) 16. Ned4 (16. Nbd4 exd4 17. Bxd2 Qc5)
16... Bxc1 (16... exd4 $142 17. Bxd2 Qc5 18. Bf4 Rd7 $19) 17. Nxc6+ bxc6 18.
Qb3 (18. Qxc1 Qxc1 19. Raxc1 cxb5) 18... cxb5 19. axb5 Qe3 $1 (19... Be3 20.
bxa6+ Bb6 21. c5) 20. Qa4 Bb2 21. Qxa6 (21. Ra2 $5) 21... Bxa1 22. Rxa1 Rd1+
23. Rxd1 Qa7 24. Qc6 Qb6 $19 25. c5 Qxc6 26. bxc6 Re8 27. g4 h6 (27... Re6 $2
28. Rd8+ Ka7 29. Rd1) 28. h4 g5 29. hxg5 hxg5 30. Kg2 Kc8 {/\ Re6} 0-1

[Event "Calvia op 2nd"]
[Site "Calvia"]
[Date "2005.10.22"]
[Round "2"]
[White "Mellado Trivino, Juan"]
[Black "Vallejo Pons, Francisco"]
[Result "0-1"]
[WhiteElo "2426"]
[BlackElo "2674"]
[Annotator "CB"]
[PlyCount "62"]
[EventDate "2005.10.21"]
[EventType "swiss"]
[EventRounds "9"]
[EventCountry "ESP"]
[SourceTitle "EXT 2006"]
[Source "ChessBase"]
[SourceDate "2005.11.24"]
[SourceVersion "1"]
[SourceVersionDate "2005.11.24"]
[SourceQuality "1"]

1. b3 Nf6 2. Bb2 g6 3. Bxf6 exf6 4. c4 {Las blancas quieren evitar que el
negro juegue d5} Bg7 {Vallejo tenia dudas acerca de esta jugada y proponia un
h5 rapido} 5. Nc3 O-O 6. g3 f5 7. Bg2 Re8 8. e3 ({La alternativa es} 8. Nh3)
8... d6 9. Nge2 Nd7 10. d4 Nf6 11. O-O g5 $5 {#} ({La blancas esperaban} 11...
Ne4 12. Qd3 Nxc3 13. Nxc3 {seguido de b4-b5 con buen juego para las blancas.
Paco Vallejo considera que las negras no deben cambiar el caballo, pues esta
pieza les da poisibilidades activas en el flanco de rey.}) 12. b4 Rb8 $6 ({
Mellado propone como mejor para las negras} 12... Bd7 13. b5 (13. Bxb7 Rb8 14.
Bg2 Rxb4) 13... c6) 13. b5 Bd7 14. Qd3 {Quizas es mejor a4 directamente} h5 15.
a4 Kh8 $5 {Una jugada que el negro tiene que hacer tarde o temprano} 16. a5 h4
17. a6 b6 18. gxh4 ({Paco propone aqui} 18. Nd5 {ya que como hemos dicho
sostiene que las blancas deben cambiar el caballo}) 18... gxh4 19. Nf4 (19. Kh1
$5) 19... Bh6 20. Kh1 Rg8 {Las negras han conseguido un evidente contrajuego,
pero la posicion es complicada} 21. Rg1 Bxf4 $1 22. exf4 Rg6 23. Nd5 Nxd5 24.
Bxd5 Qe7 $5 {Una jugada muy sutil} ({Las blancas esperaban} 24... Qf6 25. Rxg6
(25. Qf3 $5) 25... fxg6 26. Re1) 25. Rg5 $2 {Un error en opinion de ambos
rivales} ({La jugada natural (que a veces es la mejor) es} 25. Rae1 Rbg8 $1 {
y ahora como indico Paco} 26. Qf3 $1 Qf6 27. Qh5+ Kg7 28. Rxg6+ fxg6 29. Qg5 $1
{Y las blancas estan mejor}) 25... Rxg5 26. fxg5 Qxg5 27. Rg1 Qh5 $1 {Las
blancas han sido demasiado optimistas al valorar la compensacion de este
sacrificio} 28. Qe3 Rg8 $1 (28... Re8 29. Qf4 {con la amenaza Af3 y Tg5}) 29.
Qe7 $4 {La jugada perdedora hecha en fuerte apuro de tiempo} (29. Rxg8+ Kxg8
30. Bf3 {ofrece una posicion perfectamente defendible al blanco}) 29... Rxg1+
30. Kxg1 Qd1+ 31. Kg2 h3+ {seguido de mate en g4 Comentarios basdados en el
analisis realizado por ambos jugadores.} 0-1

[Event "Protvino zt"]
[Site "Protvino"]
[Date "1993.??.??"]
[Round "?"]
[White "Minasian, Artashes"]
[Black "Bagaturov, Giorgi"]
[Result "0-1"]
[WhiteElo "2545"]
[BlackElo "2485"]
[Annotator "Chekhov,V"]
[PlyCount "64"]
[EventDate "1993.03.??"]
[EventType "tourn"]
[EventRounds "9"]
[EventCountry "RUS"]
[EventCategory "10"]
[SourceTitle "CBM 035"]
[Source "ChessBase"]
[SourceDate "1993.08.01"]
[SourceVersion "1"]
[SourceVersionDate "1993.08.01"]
[SourceQuality "1"]

1. b3 {Horn,Pe} e5 2. Bb2 d6 (2... Nc6 3. e3 Nf6 (3... g6 4. f4 a6 5. Nf3 Bg7
6. Bc4 Nh6 7. fxe5 Nxe5) 4. Bb5 d6 5. Ne2 a6 (5... Be7 6. d4 exd4 7. Nxd4 Bd7
8. Nxc6 bxc6 9. Bd3 O-O 10. c4 Ng4 11. Qc2 f5 {Minasian-Fedorov/Podolsk/1992/})
6. Bxc6+ bxc6 7. O-O Be7 8. d3 O-O 9. Nd2 Ng4 $1 10. h3 Nh6 11. d4 exd4 12.
Nxd4 Bd7 13. Qe2 c5 $15 {Minasian-Romanishin,O/Lvov zt/1990/}) 3. e3 Nf6 4. Ne2
(4. Nc3 Nc6 5. Bb5 Bd7 6. Nge2 a6 7. Bxc6 Bxc6 8. O-O Be7 9. d3 O-O 10. Ng3 Re8
11. Nce2 Bf8 $15 {Minasian,A-Galdunts/Tbilisi/1988/}) (4. c4 {Horn,Pe}) 4... g6
(4... Bf5 $6 5. f4 Nc6 6. Ng3 Bg4 7. Be2 h5 8. O-O Qd7 9. h3 Bxe2 10. Nxe2 $1
O-O-O 11. c4 Be7 12. Nbc3 Qe6 13. e4 $1 $16 {Minasian,A-Piskov/Minsk/1990/}) 5.
f4 Nc6 (5... Bg7 {Horn,Pe} 6. fxe5 Ng4 7. h3 Nxe5 8. d4 Qh4+ 9. Kd2 Ng4 10.
Nbc3 Bh6 11. hxg4 Qxh1 12. Nd5 Kd8 13. Qe1 $44 {Minasian-Van der Werf/
Groningen/1991}) 6. fxe5 (6. g3 {Horn,Pe}) 6... Nxe5 7. Nf4 Ne4 $5 (7... Bg7 8.
Be2 O-O 9. O-O Re8 $10) 8. g3 (8. d3 $4 {Horn,Pe} Qh4+ $19) 8... Bg4 (8... Bg7
{Horn,Pe} 9. Be2 g5 (9... Nf3+ $2 {Horn,Pe} 10. Bxf3 Bxb2 11. Bxe4 Bxa1 12. c3
$16) (9... h5 $5 {Horn,Pe} 10. d3 Ng5 11. Nc3 c6 12. Qd2 $4 Ngf3+ $19) 10. Nh5
Nd3+ 11. cxd3 Bxb2 12. dxe4 Bxa1 13. d4 $44) 9. Be2 h5 10. d3 Ng5 (10... Nf6 $5
) 11. Nc3 c6 (11... Ngf3+ 12. Kf2 $13) 12. h4 Nh7 (12... Ngf3+ $2 13. Kf2 Bg7
14. d4 $18) 13. Qd2 Bg7 14. Bxg4 (14. O-O-O $2 {Horn,Pe} Nf3 15. Bxf3 Bxf3 $19)
14... Nxg4 (14... hxg4 $6 15. O-O-O) 15. O-O-O O-O 16. d4 (16. e4 $13 {Horn,Pe}
) 16... Re8 17. e4 b5 $1 $15 18. Rhe1 a5 19. Re2 Ra7 $1 20. Qe1 $142 $6 (20. a4
b4 21. Nb1 Rae7 22. Qd3 $15) (20. Rde1 {Horn,Pe} Rae7) 20... Qb6 21. Kb1 Rae7 (
21... Bxd4 $2 22. Ncd5 $1 $16) 22. Rdd2 Qb8 $1 $17 23. Qh1 Nhf6 $140 (23... b4
24. Na4 Nhf6) 24. e5 dxe5 25. dxe5 Nxe5 (25... Rxe5 $2 26. Qxc6) 26. Rd1 a4 27.
Rde1 axb3 28. axb3 Nfg4 29. Ne4 Qa7 30. Nc3 Qa5 31. Nd3 Ra8 (31... Nxd3 32.
Rxe7 Rxe7 33. Rxe7 Nxb2 34. Na2 $13) 32. Nxe5 Nxe5 {/\ 33...Kh7; 34...Nc4-+}
0-1

[Event "Match/Team URS-World 20,5-19,5"]
[Site "Belgrade"]
[Date "1970.03.29"]
[Round "2.1"]
[White "Larsen, Bent"]
[Black "Spassky, Boris Vasilievich"]
[Result "0-1"]
[WhiteElo "2650"]
[BlackElo "2670"]
[Annotator "ChessBase"]
[PlyCount "34"]
[EventDate "1970.03.29"]
[EventType "team"]
[EventRounds "4"]
[EventCountry "YUG"]
[SourceTitle "100 Jahre Schach"]
[Source "ChessBase"]
[SourceDate "2000.04.19"]
[SourceVersion "1"]
[SourceVersionDate "2000.04.19"]
[SourceQuality "1"]
[WhiteTeam "World"]
[BlackTeam "Soviet Union"]
[BlackTeamCountry "URS"]

{Die Partie Larsen-Spassky ist wohl die berühmteste echte Kurzpartie (unter
20 Zügen) innerhalb der absoluten Weltelite.} 1. b3 e5 2. Bb2 Nc6 3. c4 Nf6 4.
Nf3 {Dieser provokative Zug geht letztlich nach hinten los und wurde deshalb
kritisiert.} e4 5. Nd4 Bc5 6. Nxc6 dxc6 {Die schwarzen Züge sind auf schnelle
Entwicklung gerichtet.} 7. e3 Bf5 8. Qc2 Qe7 9. Be2 O-O-O 10. f4 $2 {
Unzweifelhaft steht Weiß auch nach anderen Zügen vor einer schwierigen
Verteidigung. Der Bauernzug ist wohl schon der Verlustzug.} Ng4 $1 11. g3 $6 ({
Der "Normalzug"} 11. O-O $2 {geht auch nicht:} Rxd2 $1 12. Nxd2 Nxe3 $19) ({
Nach} 11. Bxg4 $2 Qh4+ 12. g3 Qxg4 {ist die weiße Stellung sehr löchrig.}) (
11. Qc1 h5 12. Nc3 Rd7 $17) 11... h5 ({Das Opfer} 11... Rxd2 {kam in Frage,
ist aber nicht notwendig.} 12. Nxd2 Nxe3 13. Qc3 Rd8 $40) 12. h3 (12. Nc3 Rxd2
$1 $19) 12... h4 $1 {Bis jetzt hatte Spassky nur normale Züge ausgeführt,
nun fängt er an brilliant zu spielen.} 13. hxg4 {Der vorherige Tausch der
Läufer auf g4 würde nichts ändern.} hxg3 14. Rg1 Rh1 $3 {Ein kleiner Makel
dieses schönen Zuges ist, dass auch ein anderer gewinnt:} (14... Qh4 15. Rg2
Qh1+ 16. Bf1 Bxg4 17. Qxe4 (17. Nc3 Bf3 18. Rxg3 Rh2) 17... Rhe8 18. Be5 f5 $19
) 15. Rxh1 g2 16. Rf1 (16. Rg1 Qh4+ 17. Kd1 Qh1 $19) 16... Qh4+ 17. Kd1 gxf1=Q+
{Quelle: "The World's Greatest Chess Games" von Burgess, Nunn und Emms,
Robinson London 1998} 0-1

[Event "Goodricke op 12th"]
[Site "Kolkata"]
[Date "2001.02.10"]
[Round "5"]
[White "Abdulla, Al Rakib"]
[Black "Rausis, Igors"]
[Result "0-1"]
[WhiteElo "2359"]
[BlackElo "2525"]
[Annotator "Ernst,T"]
[PlyCount "62"]
[EventDate "2001.02.06"]
[EventType "swiss"]
[EventRounds "11"]
[EventCountry "IND"]
[SourceTitle "CBM 082"]
[Source "ChessBase"]
[SourceDate "2001.05.17"]
[SourceVersion "1"]
[SourceVersionDate "2001.05.17"]
[SourceQuality "1"]

1. b3 c5 2. Bb2 Nc6 3. e3 e5 4. c4 g6 5. Nc3 Bg7 6. d3 Nge7 7. Nf3 O-O 8. Be2
d5 9. cxd5 Nxd5 10. Rc1 Nxc3 11. Bxc3 Bf5 $11 12. O-O Rc8 13. Qd2 Qe7 14. Qb2
Rfd8 15. Rcd1 b5 16. Qa1 a5 17. Rfe1 a4 $5 18. bxa4 b4 19. Bb2 Qa7 20. Nxe5
Bxe5 21. Bxe5 Nxe5 22. Qxe5 Qxa4 $13 23. e4 $2 (23. Rd2 c4 $36) (23. Qb2 $8 $13
) 23... Be6 $44 24. d4 cxd4 25. Rxd4 Qxa2 $17 26. h4 (26. Rxb4 $2 Qxe2 $1 $19)
26... Rxd4 27. Qxd4 Qa5 28. Ra1 Qc5 29. Qxc5 Rxc5 30. Ra8+ Kg7 31. Rb8 b3 $17
0-1